00475nam a2200181 a 4500001001300000003000900013005001700022008004100039020002300080082001300103100001200116245003900128260005300167300000900220500003500229650001700264700001200281nice12345678IN_TiNIC20260116014341.0100105s2009 newa grp 000 0 eng  a9788131305355c59500a248bMAN aMani, A aReligious Conversion Myths Reality aNew Delhi bA.P.H. Publishing Corporation c2009 a192p aincludes index and biblioraphy aConversation1 aMani, A